| 000 | 00676nam a22001937a 4500 | ||
|---|---|---|---|
| 999 |
_c14246 _d14246 |
||
| 003 | AR-CdUCM | ||
| 008 | 190422b ||||| |||| 00| 0 spa d | ||
| 040 |
_aMUNICIPALIDAD PROVINCIAL DEL CUSCO _cBIBLIOTECA MUNICIPAL DEL CUSCO |
||
| 082 |
_a023/ _bC81 |
||
| 110 |
_aÁrea de comunicación centro ideas _932949 |
||
| 245 | _aComunicación gráfica / | ||
| 300 |
_a7 páginas ; _c22 cm. |
||
| 505 | _aContenido : Comunicación gráfica -- Medios de comunicación gráfica -- El dibujo -- La ilustración -- El grabado ... | ||
| 650 |
_aComunicación _94985 |
||
| 650 |
_aGráfica _932950 |
||
| 650 |
_aTeoría _95077 |
||
| 942 |
_2ddc _cFOLLETOS |
||
| 945 |
_arah _d22/04/2019 |
||